The noble scholar, jurist, historian


 His Excellency Dr. Abdul Wahhab bin Ibrahim Abu Sulaiman, may Allah have mercy on him.


 He was born in Umm Al-Qura in the year 1356 AH.

ابن مقرب وتاريخ الإمارة العيونية في بلاد البحرين / (Record no. 904)

MARC details
000 -LEADER
fixed length control field 01069cam a22002531i 4500
003 - CONTROL NUMBER IDENTIFIER
control field SA-RiAUC
005 - DATE AND TIME OF LATEST TRANSACTION
control field 20241006071707.0
008 - FIXED-LENGTH DATA ELEMENTS--GENERAL INFORMATION
fixed length control field 241005s1995 su g 000 0dara c
040 ## - CATALOGING SOURCE
Original cataloging agency SD-OmOIU
Language of cataloging ara
Transcribing agency SA-RiAUC.
Description conventions rda
043 ## - GEOGRAPHIC AREA CODE
Geographic area code a-ba---
082 04 - DEWEY DECIMAL CLASSIFICATION NUMBER
Classification number 953.7
Assigning agency SA-RiAUC
090 ## - LOCALLY ASSIGNED LC-TYPE CALL NUMBER (OCLC); LOCAL CALL NUMBER (RLIN)
Classification number (OCLC) (R) ; Classification number, CALL (RLIN) (NR) 953.7
Local cutter number (OCLC) ; Book number/undivided call number, CALL (RLIN) ع م ا
100 1# - MAIN ENTRY--PERSONAL NAME
Personal name العماري، فضل بن عمار بن صالح،
Dates associated with a name 1364 هجري-
Relator term مؤلف.
245 10 - TITLE STATEMENT
Title ابن مقرب وتاريخ الإمارة العيونية في بلاد البحرين /
Statement of responsibility, etc. تأليف فضل بن عمار العماري.
264 #1 - PRODUCTION, PUBLICATION, DISTRIBUTION, MANUFACTURE, AND COPYRIGHT NOTICE
Place of production, publication, distribution, manufacture الرياض :
Name of producer, publisher, distributor, manufacturer مكتبة التوبة،
Date of production, publication, distribution, manufacture, or copyright notice 1995
300 ## - PHYSICAL DESCRIPTION
Extent 203 صفحة ؛
Dimensions 24 سم
336 ## - CONTENT TYPE
Content type term نص
Content type code txt
Source rdacontent
Materials specified كتاب
337 ## - MEDIA TYPE
Media type term بدون وسيط
Media type code n
Source rdamedia
338 ## - CARRIER TYPE
Carrier type term مجلد
Carrier type code nc
Source rdacarrier
600 17 - SUBJECT ADDED ENTRY--PERSONAL NAME
Personal name ابن المقرب العيوني، علي بن المقرب بن منصور،
Dates associated with a name 572-629 هجري
Source of heading or term aucnm
651 #7 - SUBJECT ADDED ENTRY--GEOGRAPHIC NAME
Geographic name البحرين
General subdivision تاريخ
Chronological subdivision العيونيون، 1076-1238
Source of heading or term aucsh
942 ## - ADDED ENTRY ELEMENTS (KOHA)
Source of classification or shelving scheme Dewey Decimal Classification
Koha item type Books
Suppress in OPAC No
949 ## - LOCAL PROCESSING INFORMATION (OCLC)
a SA-JeALM
d 241005
u mohamedma123
n 1
Holdings
Withdrawn status Lost status Source of classification or shelving scheme Damaged status Not for loan Home library Current library Date acquired Total checkouts Full call number Barcode Date last seen Price effective from Koha item type
    Dewey Decimal Classification     DR AbdElwahab Library DR AbdElwahab Library 10/06/2024   953.7 ع م ا 000001215 10/06/2024 10/06/2024 Books